Whistleblowing z pohľadu GDPR
Úprava podmienok poskytovania ochrany osobám pred neoprávneným postihom v pracovnoprávnom vzťahu alebo v inom obdobnom vzťahu v súvislosti s oznamovaním kriminality alebo inej protispoločenskej činnosti (tzv. whistleblowing) v sebe nesie aj aspekt ochrany osobným údajov. Pri nastavovaní internej dok...
Uložené v:
| Hlavný autor: | |
|---|---|
| Médium: | Kapitola |
| Jazyk: | Slovak |
| Predmet: | |
| Tagy: |
Žiadne tagy, Buďte prvý, kto otaguje tento záznam!
|
MARC
| LEADER | 00000naa a2200000 4500 | ||
|---|---|---|---|
| 001 | 0304293 | ||
| 005 | 20240923135525.6 | ||
| 041 | 0 | |a slo | |
| 044 | |a SK | ||
| 245 | 1 | 0 | |a Whistleblowing z pohľadu GDPR |c Jana Žuľová |
| 520 | |a Úprava podmienok poskytovania ochrany osobám pred neoprávneným postihom v pracovnoprávnom vzťahu alebo v inom obdobnom vzťahu v súvislosti s oznamovaním kriminality alebo inej protispoločenskej činnosti (tzv. whistleblowing) v sebe nesie aj aspekt ochrany osobným údajov. Pri nastavovaní internej dokumentácie je preto potrebné zamerať sa na whistleblowing aj z pohľadu GDPR. Čomu v tomto smere treba venovať najväčšiu pozornosť? | ||
| 610 | 2 | 0 | |a ochrana údajov osobných |
| 610 | 2 | 0 | |a oznamovanie chránené |
| 610 | 2 | 0 | |a povinnosť oznamovacia |
| 610 | 2 | 0 | |a vzťahy pracovnoprávne |
| 610 | 2 | 0 | |a úpravy právne |
| 610 | 2 | 0 | |a legislatíva |
| 100 | 1 | |a Žuľová, Jana | |